000 00761cam a22001814a 4500
005 20250605163512.0
008 250528s ||||||||||||||||||||||||d
035 _a20607
020 _a194323099
040 _aGR-AtMCL
_bgre
_dGR-AtMCL
_eAACR2
245 1 _aFast Forward 3 / Teacher's Book
260 _bOxford University Press,
_c1988
300 _a58
520 _aA series of four courses for adult students of English attending intensive courses of 60-80 teaching hours. Introduction, Thinking about Language Learning, Eat and Drink and Relax, People, Holidays and Travel, The Human Brain, Work, School, Business and Industry, Advertising, Sex and Gender, A Taste of Literature, Tape script.
942 _cBK
999 _c5698
_d5698